Nepodceňujme a nezabúdajme na fyziologické choroby rastlín

Bibliographic Details
Main Author: Hudec, Kamil, 1973- (Author)
Format: Article
Language:Slovak
PhysicalDescription:Fotogr.
ISSN:1335-2466
Subjects:

MARC

LEADER 00000nab a2200000 a 4500
001 vtls000834598
003 SK-MaSNL
005 20260304105937.0
008 250429c2003 xo 0 slo
015 |a SNBRB2003/05-14538 
035 |a CLN000186253 
035 |a urn:nbn:sk:snk-abq43 
035 |a (urnnbn)urn:nbn:sk:snk:ar-a04eqo 
035 |a (uuid)074c0934-3882-4638-bc3e-03ba97c123e5 
040 |a SNKBUCL  |b slo  |c SNKBUCL  |e AACR2 
041 0 |a slo 
044 |a xo  |c SK 
080 |a 633.16:632.1  |2 1997 
080 |a 632.1  |2 1997 
100 1 |a Hudec, Kamil,  |d 1973-  |4 aut  |9 179592 
245 1 0 |a Nepodceňujme a nezabúdajme na fyziologické choroby rastlín  |c Kamil Hudec 
300 |b Fotogr. 
650 0 7 |a jačmeň  |2 snkbucl  |9 20188 
650 0 7 |a choroby fyziologické  |2 snkbucl  |9 898514 
655 7 |a články z novín a časopisov  |2 snkbucl  |9 267496 
773 0 |t Naše pole  |g Roč. 7, č. 3 (2003), s. 28-29  |x 1335-2466 
850 |a Slovenská národná knižnica 
852 |a Slovenská národná knižnica 
954 |a odborná, vedecká literatúra pôvodná (slovenská)  |2 lita 
958 |a article27 
958 |a OND 
958 |a EUIPO 
992 |a RBX 
999 |c 2857821  |d 2859751